| 000 | 00955nam a2200253Ia 4500 | ||
|---|---|---|---|
| 003 | GCL | ||
| 008 | 140319s9999 xx 000 0 ara d | ||
| 020 | _a5307305977 | ||
| 040 |
_aGCL / _cGCL |
||
| 082 | 0 | 4 |
_a822 _bر د |
| 100 | 1 | _aروبنسون، مارك | |
| 245 | 1 | 0 |
_aالدراما الامريكية الاخرى / _cروبنسون، مارك |
| 260 |
_aالقاهرة : _bوزارة الثقافة - مهرجان القاهرة الدولى للمسرح التجريبى ، _c2002 |
||
| 300 |
_a372 ص ؛ _c22 سم |
||
| 650 | 0 | 4 | _aالمسرحيات - تاريخ ونقد |
| 650 | 0 | 4 | _aوليامز، تنيسى |
| 650 | 0 | 4 | _aالمسرحيات - الولايات المتحدة الامريكية |
| 650 | 0 | 4 | _aستاين، جيرترود |
| 650 | 0 | 4 | _aشيبرد، سام |
| 650 | 0 | 4 | _aفورنتر، ماريا ايرين |
| 650 | 0 | 4 | _aكينيدى، ادريان |
| 650 | 0 | 4 | _aفورمان، ريتشارد |
| 942 |
_2ddc _cBK |
||
| 999 |
_c53546 _d53546 |
||